| Tag |
First Indicator |
Second Indicator |
Subfields |
| LEADER |
00000cam a22000004a 4500 |
| 001 |
in00000099846 |
| 005 |
20230714101224.0 |
| 008 |
970319s1956 cau 000 0 eng c |
| 019 |
|
|
|a 6141079
|
| 035 |
|
|
|a (OCoLC)ocm36578331
|
| 035 |
|
|
|a (OCoLC)36578331
|z (OCoLC)6141079
|
| 035 |
|
|
|a (OCoLC)ocm36578331
|
| 040 |
|
|
|a CLE
|b eng
|c CLE
|d TXA
|d OCLCF
|d OCLCQ
|d OCLCO
|d P@N
|
| 042 |
|
|
|a pcc
|
| 043 |
|
|
|a n-us---
|
| 050 |
|
4 |
|a KF5709.3.W56
|b R43 1956
|
| 082 |
|
4 |
|a 690.22
|
| 245 |
0 |
0 |
|a Recommended code provisions for windstorm resisting construction.
|
| 246 |
3 |
0 |
|a Windstorm resisting construction
|
| 260 |
|
|
|a San Francisco, Calif. :
|b National Board of Fire Underwriters,
|c [1956]
|
| 300 |
|
|
|a 10 pages ;
|c 23 cm
|
| 336 |
|
|
|a text
|b txt
|2 rdacontent
|
| 337 |
|
|
|a unmediated
|b n
|2 rdamedia
|
| 338 |
|
|
|a volume
|b nc
|2 rdacarrier
|
| 500 |
|
|
|a Cover title.
|
| 650 |
|
0 |
|a Building laws.
|
| 650 |
|
0 |
|a Construction industry
|x Law and legislation.
|
| 650 |
|
0 |
|a Roofs
|x Law and legislation.
|
| 650 |
|
0 |
|a Masonry
|x Law and legislation.
|
| 650 |
|
7 |
|a Building laws.
|2 fast
|0 (OCoLC)fst00840692
|
| 650 |
|
7 |
|a Construction industry
|x Law and legislation.
|2 fast
|0 (OCoLC)fst00876056
|
| 650 |
|
7 |
|a Masonry
|x Law and legislation.
|2 fast
|0 (OCoLC)fst01011158
|
| 650 |
|
7 |
|a Roofs
|x Law and legislation.
|2 fast
|0 (OCoLC)fst01100327
|
| 710 |
2 |
|
|a National Board of Fire Underwriters.
|
| 776 |
0 |
8 |
|i Online version:
|t Recommended code provisions for windstorm resisting construction.
|d San Francisco, Calif. : National Board of Fire Underwriters, [1956]
|w (OCoLC)623809180
|
| 938 |
|
|
|a Baker and Taylor
|b BTCP
|n BK0013658969
|
| 948 |
|
|
|h HELD BY TXA - 10 OTHER HOLDINGS
|
| 994 |
|
|
|a Z0
|b TXA
|
| 999 |
f |
f |
|s cceea406-c034-3563-becd-0b5088ecb8bd
|i b7da3a4a-b44c-35df-8f96-ebd9e6084551
|t 0
|
| 952 |
f |
f |
|p ric
|a Texas A&M University
|b Rellis Campus
|c Joint Library Facility
|s JLF
|d Remote Storage
|t 0
|e TH9025 .N32
|h Library of Congress classification
|i unmediated -- volume
|m A14805417437
|